Enciclopedia internacional de la educación
Salvato in:
| Autori principali: | , |
|---|---|
| Natura: | Libro |
| Lingua: | spagnolo |
| Pubblicazione: |
Barcelona
Ministerio de Educación y Ciencia
1989
Barcelona Vicens-Vives 1989 |
| Edizione: | 1a. ed |
| Soggetti: | |
| Tags: |
Aggiungi Tag
Nessun Tag, puoi essere il primo ad aggiungerne!!
|
MARC
| LEADER | 00000nam a2200000 a 4500 | ||
|---|---|---|---|
| 001 | UCK0244 | ||
| 003 | CL-VaPUC | ||
| 008 | 040924e19890000SP |||||||||||||||||spa|d | ||
| 020 | |a 8431626933 | ||
| 020 | |a 8431626941v.1 | ||
| 020 | |a 8431627239v.2 | ||
| 020 | |a 843162728Xv.3 | ||
| 020 | |a 8431627832v.4 | ||
| 020 | |a 8431628138v.5 | ||
| 020 | |a 8431628174v.6 | ||
| 020 | |a 8431629207v.7 | ||
| 020 | |a 843162504Xv.8 | ||
| 020 | |a 8431630876v.9 | ||
| 020 | |a 8431626143v.10 | ||
| 082 | 0 | 4 | |a 370.3 |b HUS |2 21 |
| 100 | |a Husen, Torsten |e author |9 488151 | ||
| 700 | 0 | |a Postlethwaite, T. Neville |e author |9 488152 | |
| 245 | 1 | 0 | |a Enciclopedia internacional de la educación |
| 250 | |a 1a. ed | ||
| 300 | |a 10 v | ||
| 942 | |c BK | ||
| 945 | |d 20040924 00:00:00 |a cmena | ||
| 260 | |a Barcelona |b Ministerio de Educación y Ciencia |c 1989 | ||
| 260 | |a Barcelona |b Vicens-Vives |c 1989 | ||
| 500 | |a v.1: Prólogo. A-Bud | ||
| 500 | |a v.2: Bul-Der | ||
| 500 | |a v.3: Der-Edu | ||
| 500 | |a v.4: Edu-Eva | ||
| 500 | |a v.5: Eva-Inm | ||
| 500 | |a v.6: Inn-Met | ||
| 500 | |a v.7: Met-Plan | ||
| 500 | |a v.8: Pla-Sin | ||
| 500 | |a v.9: Sin-Zoo | ||
| 500 | |a v.10: Indices | ||
| 650 | 0 | |a Educación |9 258661 | |
| 650 | 0 | |a Enciclopedias |9 264135 | |
| 650 | 0 | |a Filosofía de la educación |9 258384 | |
| 650 | 0 | |a Historia de la educación |9 257642 | |
| 583 | |a last modification |c 20130316 10:09:30 |k Rodrigo Vera | ||
| 999 | |c 310732 |d 310730 | ||
| 952 | |0 0 |1 0 |4 0 |6 370_300000000000000_HUS_1989_1989 |7 0 |8 X |9 379658 |a BIBEDU |b BIBEDU |d 2019-11-21 |h v.1 |i 4065255 |o 370.3 HUS 1989 1989 |p 4065255 |r 2023-01-13 |w 2019-11-21 |y BK_X |k PAR | ||
| 952 | |0 0 |1 0 |4 0 |6 370_300000000000000_HUS_1989_1989 |7 0 |8 X |9 379659 |a BIBEDU |b BIBEDU |d 2019-11-21 |h v.2 |i 4065263 |o 370.3 HUS 1989 1989 |p 4065263 |r 2023-01-13 |w 2019-11-21 |y BK_X |k PAR | ||
| 952 | |0 0 |1 0 |4 0 |6 370_300000000000000_HUS_1989_1989 |7 0 |8 X |9 379660 |a BIBEDU |b BIBEDU |d 2019-11-21 |h v.3 |i 4065271 |o 370.3 HUS 1989 1989 |p 4065271 |r 2023-01-13 |w 2019-11-21 |y BK_X |k PAR | ||
| 952 | |0 0 |1 0 |4 0 |6 370_300000000000000_HUS_1989_1989 |7 0 |8 X |9 379661 |a BIBEDU |b BIBEDU |d 2019-11-21 |h v.4 |i 406528K |o 370.3 HUS 1989 1989 |p 406528K |r 2023-01-13 |w 2019-11-21 |y BK_X |k PAR | ||
| 952 | |0 0 |1 0 |4 0 |6 370_300000000000000_HUS_1989_1989 |7 0 |8 X |9 379662 |a BIBEDU |b BIBEDU |d 2019-11-21 |h v.5 |i 4065298 |o 370.3 HUS 1989 1989 |p 4065298 |r 2023-01-13 |w 2019-11-21 |y BK_X |k PAR | ||
| 952 | |0 0 |1 0 |4 0 |6 370_300000000000000_HUS_1989_1989 |7 0 |8 X |9 379663 |a BIBEDU |b BIBEDU |d 2019-11-21 |h v.6 |i 4065301 |o 370.3 HUS 1989 1989 |p 4065301 |r 2023-01-13 |w 2019-11-21 |y BK_X |k PAR | ||
| 952 | |0 0 |1 0 |4 0 |6 370_300000000000000_HUS_1989_1989 |7 0 |8 X |9 379664 |a BIBEDU |b BIBEDU |d 2019-11-21 |h v.7 |i 406531K |o 370.3 HUS 1989 1989 |p 406531K |r 2023-01-13 |w 2019-11-21 |y BK_X |k PAR | ||
| 952 | |0 0 |1 0 |4 0 |6 370_300000000000000_HUS_1989_1989 |7 0 |8 X |9 379665 |a BIBEDU |b BIBEDU |d 2019-11-21 |h v.8 |i 4065328 |o 370.3 HUS 1989 1989 |p 4065328 |r 2023-01-13 |w 2019-11-21 |y BK_X |k PAR | ||
| 952 | |0 0 |1 0 |4 0 |6 370_300000000000000_HUS_1989_1989 |7 0 |8 X |9 379666 |a BIBEDU |b BIBEDU |d 2019-11-21 |h v.9 |i 4065336 |o 370.3 HUS 1989 1989 |p 4065336 |r 2023-01-13 |w 2019-11-21 |y BK_X |k PAR | ||
| 952 | |0 0 |1 0 |4 0 |6 370_300000000000000_HUS_1989_1989 |7 0 |8 X |9 379667 |a BIBEDU |b BIBEDU |d 2019-11-21 |h v.10 |i 4065344 |o 370.3 HUS 1989 1989 |p 4065344 |r 2023-01-13 |w 2019-11-21 |y BK_X |k PAR | ||